000 00519nam a2200181 4500
001 127046
003 ES-MaACL
005 20230906192931.0
007 t|
008 070214s1972 sp r ||||1| cat d
100 0 _aRibot, Pere.
_996837
245 1 0 _aLlengua de foc
_b: ; Si el gra no mor ; La pedra en la veu /
_cPere Ribot.
260 _aBarcelona :
_bProa,
_c1972.
300 _a135 p., 6 h. ;
_c18 cm.
740 0 _aSi el gra no mor.
740 0 _aLa pedra en la veu.
852 _aES-MaACL
_jC-52748
_bR.83304
999 _c127046
_d127046